Giáo trình chiến lược kinh doanh của doanh nghiệp thương mại
Cuốn sách đề cập đến việc xây dựng chiến lược, tổ chức thực hiện đánh giá và điều chỉnh các chiến lược kinh doanh.
Αποθηκεύτηκε σε:
| Κύριος συγγραφέας: | |
|---|---|
| Μορφή: | Βιβλίο |
| Γλώσσα: | Undetermined |
| Έκδοση: |
Thành phố Hồ Chí Minh
Đại học Kinh tế Quốc dân
2005
|
| Θέματα: | |
| Ετικέτες: |
Προσθήκη ετικέτας
Δεν υπάρχουν, Καταχωρήστε ετικέτα πρώτοι!
|
| Thư viện lưu trữ: | Trung tâm Học liệu Trường Đại học Cần Thơ |
|---|
| LEADER | 00981nam a2200205Ia 4500 | ||
|---|---|---|---|
| 001 | CTU_148437 | ||
| 008 | 210402s9999 xx 000 0 und d | ||
| 020 | |c 43000 | ||
| 082 | |a 658.4012 | ||
| 082 | |b L451 | ||
| 100 | |a Nguyễn, Thừa Lộc | ||
| 245 | 0 | |a Giáo trình chiến lược kinh doanh của doanh nghiệp thương mại | |
| 245 | 0 | |c Đồng chủ biên: Nguyễn Thừa Lộc, Trần Văn Bão | |
| 260 | |a Thành phố Hồ Chí Minh | ||
| 260 | |b Đại học Kinh tế Quốc dân | ||
| 260 | |c 2005 | ||
| 520 | |a Cuốn sách đề cập đến việc xây dựng chiến lược, tổ chức thực hiện đánh giá và điều chỉnh các chiến lược kinh doanh. | ||
| 650 | |a Strategic planning,Business planning,Kế hoạch chiến lược,Kế hoạch kinh doanh | ||
| 904 | |i Hằng+Dương | ||
| 980 | |a Trung tâm Học liệu Trường Đại học Cần Thơ | ||